ISO 11228-3 : Ergonomics, manual handling : Part 3: Handling of low loads at high frequency : 2009-11-01

Na minha lista:
Detalhes bibliográficos
Formato: Livro
Idioma:inglês
Publicado em: ISO 2007
Assuntos:
Tags: Adicionar Tag
Sem tags, seja o primeiro a adicionar uma tag!

MARC

LEADER 00000nam a22000003a 4500
001 0105949
003 SK-STU
005 20231027123319.9
007 ta
008 231006s ----xo-----e------000-0-----d
040 |a STU  |b slo 
041 0 |a eng 
044 |a xxk 
245 1 0 |a ISO 11228-3 :  |b Ergonomics, manual handling : Part 3: Handling of low loads at high frequency : 2009-11-01 
260 |b ISO  |c 2007 
300 |a 76 s. 
650 0 7 |a ergonómia 
996 |b 284M089439  |c M* M*1734-1  |l MMKN  |s A  |a 24  |w 0105949_0001